Bezpečnosť a Európska únia

Gespeichert in:
Bibliographische Detailangaben
1. Verfasser: Brhlíková, Radoslava
Körperschaft: Univerzita Konštantína Filozofa v Nitre. Filozofická fakulta
Format: Buch
Sprache:Slowakisch
Veröffentlicht: Nitra Univerzita Konštantína filozofa v Nitre 2014
Ausgabe:1. vydanie
Schlagworte:
Tags: Tag hinzufügen
Keine Tags, Fügen Sie das erste Tag hinzu!

MARC

LEADER 00000nam a2200000 4500
001 0268819
005 20240314094816.4
020 |a 978-80-558-0717-1 
041 0 |a slo 
044 |a SK 
245 1 0 |a Bezpečnosť a Európska únia  |c Radoslava Brhlíková 
250 |a 1. vydanie 
264 1 |a Nitra  |b Univerzita Konštantína filozofa v Nitre  |c 2014 
300 |a 207 s. 
610 2 0 |a bezpečnosť 
610 2 0 |a riziko bezpečnostné 
610 2 0 |a politika bezpečnostná 
610 2 0 |a politika zahraničná 
610 2 0 |a obrana štátu 
610 2 0 |a spolupráca medzinárodná 
610 2 0 |a manažment krízový 
610 2 0 |a europeizácia 
610 2 0 |a migrácia 
610 2 0 |a spolupráca regionálna 
610 2 0 |a Európska únia 
100 1 |a Brhlíková, Radoslava 
710 2 |a Univerzita Konštantína Filozofa v Nitre. Filozofická fakulta